[Event "Stockholm op"]
[Site "Stockholm"]
[Date "2015.08.17"]
[Round "1"]
[White "Rajab, Schahin"]
[Black "Norlin, Egor"]
[Result "0-1"]
[WhiteElo "1791"]
[BlackElo "2137"]
[PlyCount "44"]
[EventDate "2015.08.17"]
[EventType "swiss"]
[EventRounds "9"]
[EventCountry "SWE"]
[SourceTitle "EXT 2016"]
[Source "ChessBase"]
[SourceDate "2015.10.08"]
[SourceVersion "1"]
[SourceVersionDate "2015.10.08"]
[SourceQuality "1"]

1. d4 Nf6 2. c4 e6 3. Nc3 Bb4 4. Qc2 0-0 5. Nf3 b6 6. a3 Bxc3+ 7. bxc3 Bb7 8. Bg5 h6 9. Bxf6 Qxf6 10. e4 Qg6 11. Nd2 d5 12. f3 dxe4 13. Nxe4 f5 14. Ng3 c5 15. Bd3 cxd4 16. cxd4 Qf6 17. Ne2 Nc6 18. Qc3 Rad8 19. d5 Ne5 20. Rd1 exd5 21. cxd5 Bxd5 22. Nf4 Nxf3+ 0-1

[Event "Goteborg op"]
[Site "Molnlycke"]
[Date "2015.08.14"]
[Round "1"]
[White "Akesson, Joel"]
[Black "Rajab, Schahin"]
[Result "1-0"]
[WhiteElo "2264"]
[BlackElo "1791"]
[PlyCount "41"]
[EventDate "2015.08.14"]
[EventType "swiss"]
[EventRounds "8"]
[EventCountry "SWE"]
[SourceTitle "CBM 167 Extra"]
[Source "ChessBase"]
[SourceDate "2015.09.14"]
[SourceVersion "1"]
[SourceVersionDate "2015.09.14"]
[SourceQuality "1"]

1. g3 d5 2. Nf3 c5 3. Bg2 Nf6 4. 0-0 Nc6 5. d4 e6 6. c4 dxc4 7. dxc5 Qxd1 8. Rxd1 Bxc5 9. Nbd2 0-0 10. Nxc4 Bd7 11. Bg5 Rfd8 12. Nfe5 Nxe5 13. Nxe5 Bb5 14. Bxb7 Rxd1+ 15. Rxd1 Rb8 16. Bf3 Bxe2 17. Bxe2 Bxf2+ 18. Kxf2 Ne4+ 19. Ke3 Nxg5 20. Nc6 Rc8 21. Ne7+ 1-0

[Event "Stockholm op"]
[Site "Stockholm"]
[Date "2013.08.05"]
[Round "1"]
[White "Jansson, Anders Owen"]
[Black "Rajab, Schahin"]
[Result "1-0"]
[WhiteElo "2116"]
[BlackElo "1772"]
[PlyCount "53"]
[EventDate "2013.08.05"]
[EventType "swiss"]
[EventRounds "9"]
[EventCountry "SWE"]
[SourceTitle "CBM 155 Extra"]
[Source "ChessBase"]
[SourceDate "2013.08.26"]
[SourceVersion "1"]
[SourceVersionDate "2013.08.26"]
[SourceQuality "1"]

1. Nf3 d5 2. d4 c6 3. c4 e6 4. Bg5 Be7 5. Bxe7 Qxe7 6. e3 f5 7. Nc3 Nf6 8. Bd3 Nbd7 9. Qc2 0-0 10. cxd5 cxd5 11. 0-0 Ne4 12. Rac1 a6 13. a3 b5 14. Na2 Ra7 15. Nb4 Qd6 16. Nc6 Rc7 17. Ne7+ Qxe7 18. Qxc7 Qf6 19. Ne5 Nxe5 20. dxe5 Qg6 21. Bxe4 fxe4 22. Qe7 Qf5 23. f4 a5 24. Rc7 Qg6 25. Rfc1 Ba6 26. Ra7 Re8 27. Qd7 1-0